000 00639nam a2200241Ia 4500
003 OSt
005 20221005130629.0
006 a|||||r|||| 00| 0
007 ta
008 221004b |||||||| |||| 00| 0 mal d
024 _a56548
037 _cTextual
040 _aCRL
_cCRL
_bmal
041 _2mal
_amal
082 _aO32,3N10x, K2
100 _aVarkey Ponkunnana Au.
_9638403
245 0 _aSabdikkunna kalappa
260 _c1962
650 _a MALAYALAM LITERATURE
_938866
650 _aMALAYALAM FICTION
_9183428
942 _hO32,3N10x, K2
_cTEXL
_2cc
999 _c1057854
_d1057854